Equipos - Eurocopa 1996 - Estadísticas

Estadísticas generales
  • Esta prueba ha sido intentada 30 veces
  • La puntuación promedio es 13 de 16
Estadísticas de respuestas
Squadra % Correcto
España
100%
Francia
100%
Inglaterra
100%
Alemania
92%
Italia
92%
Portugal
92%
Rusia
88%
Dinamarca
81%
Países Bajos
81%
Suiza
81%
Escocia
73%
República Checa
73%
Rumanía
69%
Turquía
69%
Croacia
65%
Bulgaria
62%
No se encontraron pruebas coincidentes
Distribución de puntuación
Porcentaje de gente con cada puntuación
Porcentaje por número respondido
Historial de tus puntuaciones
No has intentado esta prueba.